| 000 | 004070000a22001570004500 | ||
|---|---|---|---|
| 003 | LK-CoMWRAF | ||
| 008 | 230817t ||||| |||| 00| 0 eng d | ||
| 040 |
_aLK-CoMWRAF _dLK-CoMWRAF _eLK-CoMWRAF |
||
| 041 | _aeng | ||
| 100 | _aAbdullah, K. Kamarunnisa | ||
| 245 |
_aAaivalar Viyakkum Alagiya Panpalar _b |
||
| 260 |
_bNoor Publishers _aIndia _c1983 |
||
| 300 | _ap.184 | ||
| 650 | _aTamil Text | ||
| 942 | _cBK | ||
| 999 |
_c2320 _d2320 |
||